Non Country Flags #7 - Statistics

General Stats
  • This quiz has been taken 1,168 times
    890 since last reset
  • The average score is 4 of 15
Answer Stats
Picture Answer % Correct
Antarctica
88%
Nazi Germany
83%
Falkland Islands
54%
Esperanto
25%
O.P.E.C
22%
Cardiff
20%
Republic of Molossia
11%
Amazonas, Colombia
9%
Gotland, Sweden
9%
Swiss Guard
8%
Sydney
8%
Buffalo, NY
7%
N.Y.P.D.
7%
Odessa
7%
West Indies Federation
6%
No matching quizzes found
Score Distribution
Percent of People with Each Score
Percentile by Number Answered
Your Score History
You have not taken this quiz since the last reset